LEADER 01212nam0 2200313 450 001 000036456 005 20140516120506.0 100 $a20140514d1925----km-y0itaa50------ba 101 0 $aita 102 $aIT 200 1 $aFiorita di canti tradizionali del popolo italiano$fscelti nei vari dialetti e annotati da Eugenia Levi 205 $aEd. ridotta 210 $aFirenze$c<> Bemporad$dstampa 1925 215 $a134 p., [4] carte di tav.$d17 cm. 300 $aSulla cop.: 2. rist. con 9 melodie regionali 316 $aIl libro manca delle prime 17 p. 606 1 $aCanti popolari italiani 676 $a782.42162$v(22. ed.)$9Forme vocali profane. Canzoni popolari 702 1$aLevi,$bEugenia 801 0$aIT$bUniversità della Basilicata - B.I.A.$gREICAT$2unimarc 912 $a000036456 996 $aFiorita di canti tradizionali del popolo italiano$9101653 997 $aUNIBAS CAT $aSTD100$b01$c20140514$lBAS01$h1125 CAT $aTTM$b30$c20140516$lBAS01$h1205 CAT $aBATCH$b00$c20180801$lBAS01$h1239 FMT Z30 -1$lBAS01$LBAS01$mBOOK$1BASA1$APolo Storico-Umanistico$2FROS$BFondo Rostirolla$3FRost/2445$62445$5D2445$820140514$f98$FConsultazione all $aall $n0009276 LEADER 01547nam 2200409 a 450 001 9910691067203321 005 20010517151255.0 035 $a(CKB)5470000002343680 035 $a(OCoLC)46343961 035 9 $aocm46343961 035 $a(OCoLC)995470000002343680 035 $a(EXLCZ)995470000002343680 100 $a20010228d2000 ua 0 101 0 $aeng 135 $auran|||||| 181 $ctxt$2rdacontent 182 $cc$2rdamedia 183 $acr$2rdacarrier 200 10$aMedicare$b[electronic resource] $eimproper third-party billing of Medicare by Behavior Medical Systems, Inc. : statement of Robert H. Hast, acting Assistant Comptroller General for Special Investigations, Office of Special Investigations, before the Subcommittee on Oversight and Investigations, Committee on Commerce, House of Representatives /$fUnited States General Accounting Office 210 1$a[Washington, D.C.] :$cThe Office,$d[2000] 225 1 $aTestimony ;$vGAO/T-OSI-00-9 300 $a"April 6, 2000." 300 $aPaper version available from the General Accounting Office. 300 $aTitle from title screen. 517 $aMedicare 606 $aMedicare fraud 606 $aMedicare$xClaims administration 615 0$aMedicare fraud. 615 0$aMedicare$xClaims administration. 700 $aHast$b Robert H$01380817 712 02$aUnited States.$bGeneral Accounting Office. 801 0$bGPO 801 1$bGPO 906 $aBOOK 912 $a9910691067203321 996 $aMedicare$93430666 997 $aUNINA